000 01548nam0a2200349 4500
001 RU\NLR\bibl\596440
005 20241119020121.0
020 _aRU
_b04-08703
_9Летопись авторефератов диссертаций
021 _aRU
_b2004-7910а
_9317а
035 _a(NLR Aleph) 000588398
090 _a1697356
_c1697356
100 _a20041110d2004 u u0rusy50 ca
101 0 _arus
102 _aRU
105 _ay dm |||||
200 1 _aОбъект уголовно-правовых отношений
_e(теорет. и правопримен. аспект)
_eАвтореф. дис. на соиск. учен. степ. к.ю.н.
_eСпец. 12.00.08
_fХун Аслан Заурканович
_g[Рос. юрид. ин-т МВД России]
210 _aРостов н/Д
_d2004
215 _a24 с.
_d21
320 _aБиблиогр.: с. 24 (6 назв.)
610 0 _aЮридические науки
675 _a343.2/.3
_v3
_zrus
686 _a10.77
_2rugasnti
686 _a67.408
_2rubbk
686 _a12.00.08
_2oksvnk
700 1 _aХун
_bА. З.
_gАслан Заурканович
_4070
801 0 _aRU
_bRKP
_c20041110
_gPSBO
801 1 _aRU
_bRKP
_c20041110
801 2 _aRU
_bNLR
_c20050408
_grcr
942 _cBOOK
981 1 0 _a(10) Авторефераты
_b(10) 12.00.00 Юридические науки
_b12.00.08 Уголовное право и криминология; уголовно-исполнительное право